000 00749nam a22002537a 4500
001 BR7405157
003 BR-BrBNA
005 20230928084610.0
007 ta
008 230509b bl.||||| |||| 00| 0 por d
040 _aBR-BrBNA
_bpor
_cBiblioteca Nacional de Agricultura
041 _a(Por)
072 _aA00
_b/G514
090 _ A00 BR7405157
100 1 _aNassar, N.L. (comp.)
110 1 _aInstituto de Pesquisas Agropecuarias do Norte, Belem, PA (Brasil)
_96146
245 1 _aPublicacoes do Instituto de Pesquisas Agropecuarias do Norte [Bibliografia; Brasil]
260 3 _aBelem, PA (Brasil):
_c1974.
300 _a31 p.
650 _aAgricultura
650 _aBibliografia
909 _a202309
_bLucia
_c55
_dLucia Elande
942 _cBK
999 _c20006
_d20006